| 000 | 00480nam a2200157Ia 4500 | ||
|---|---|---|---|
| 999 |
_c18668 _d18668 |
||
| 003 | OSt | ||
| 005 | 20200609114102.0 | ||
| 008 | 190216s9999||||xx |||||||||||||| ||und|| | ||
| 040 | _coclc | ||
| 082 |
_a320.973 _bBAI/A |
||
| 100 |
_a Bailey, Stephen K _92665 |
||
| 245 | 0 |
_aAmerican Politics And Government / _cStephen K Bailey |
|
| 260 |
_bOxford University Press, _c1967. _aNew Delhi; |
||
| 300 | _a251p | ||
| 942 |
_cBK _2ddc _h320.973 _iBAI/A _k320.973 _mBAI/A |
||